000 00474nam a2200157 i 4500
001 102324
003 ES-MaACL
007 t|
008 051108s1959 sp ||||1| spa d
100 1 _aMenéndez Pidal y de Montes, Juan.
_980318
245 1 0 _aDerecho Procesal Social /
_cJuan Menéndez Pidal y de Montes.
260 _aMadrid :
_bRevista de Derecho Privado,
_c1959.
300 _a111 p. ;
_c23 cm.
500 _aEs el Apéndice.
852 _aES-MaACL
_jE-4804
_bR.43919
999 _c102324
_d102324